01013nam a2200241Ia 450000100060000000300090000600800410001504000130005604000130006904100130008210000160009510000290011124500370014024500370017725000110021426000090022526000140023426000490024830000410029750003700033865000320070865000310074011099IT-RoPAU130308s9999 xx 000 0 und d aIT-RoPAU cIT-RoPAU aITALIANO aPardo Paolo gCodice Aut. SPICS: 2879 aCorrispondente dall'interno (Il) bCorso superiore di Giornalismo-4 a1a ed. aROMA bAccademia c1977 [1° Ed.:1977 - Ed.Ling.Originale:1977] a"30 p. (prefazione: no ; testo: 30)" aCorrispondenza Dall'Interno compiti del corrispondente Doti del Corripsondente Qualità del Lavoro Cronaca notazione di costume Unità D'Informazionediversità geografiche Area D'Influenza Giornalistica Quadro Operativo Roma e Milano corrispondente romano o Milanese Capoluoghi di Spicco comuni pilota Letture e Analisi Inviato e corrispondente un taglio Diverso aREGIA DELLA STAMPA DI MASSA eCodice materia Spics: 6653